000 nam a22 7a 4500
999 _c22532
_d22532
008 170124b xxu||||| |||| 00| 0 eng d
020 _a 9780321724564
050 _aREF QM 25
_b.M286 2012
100 _aMartini, Frederic H.
245 _aMartini's atlas of the human body/
_cFrederic H. Martini, William C. Ober, Kathleen Welch, Claire W. Garrison and Ralph T. Hutchings.
260 _aBoston :
_bBenjamin Cummings,
_c2012.
300 _aviii, 151p. :
_bill. ;
650 _aHuman anatomy
_xatlases.
700 _aOber, William C.
942 _2lcc
_cBOOKS
_hREF QM 25 .M286 2012